La vivienda de carácter social, parte 3, diseño y construcción de la vivienda
Guardat en:
| Autor principal: | |
|---|---|
| Altres autors: | , , , |
| Format: | Llibre |
| Publicat: |
San José, Costa Rica
1989
|
| Matèries: | |
| Etiquetes: |
Afegir etiqueta
Sense etiquetes, Sigues el primer a etiquetar aquest registre!
|
MARC
| LEADER | 00000nam a2200000Ia 4500 | ||
|---|---|---|---|
| 003 | 004781 | ||
| 005 | 20221231144337.0 | ||
| 008 | 140114s1989 c a m 000 ||s d | ||
| 040 | |c cru CEDI | ||
| 090 | |a TFG 2223 | ||
| 100 | |a Bonilla Zumbado, Randall |9 13224 | ||
| 245 | |a La vivienda de carácter social, parte 3, diseño y construcción de la vivienda | ||
| 260 | |c 1989 |a San José, Costa Rica | ||
| 300 | |a [302] hojas : ilustraciones ; 28 cm | ||
| 500 | |a Seminario de graduación (licenciatura en ingeniería civil)--Universidad de Costa Rica. Facultad de Ingeniería. Escuela de Ingeniería Civil | ||
| 650 | |x VIVIENDAS - COSTA RICA |x CONSTRUCCION DE VIVIENDAS |9 13033 | ||
| 700 | |9 13225 |a Coto Monge, Lucrecia | ||
| 700 | |9 13226 |a Muñoz Fuentes, Mario | ||
| 700 | |9 13227 |a Rivera Hernández, Abel | ||
| 700 | |9 1009 |a Schmidt Díaz, Víctor | ||
| 942 | |c TFG | ||
| 999 | |c 20459 |d 20459 | ||
